Technological change in postharvest handling and transportation of grains in the humid tropics : (Record no. 37463)
[ view plain ]
| 000 -LEADER | |
|---|---|
| fixed length control field | 01464nam a2200313 a 4500 |
| 001 - CONTROL NUMBER | |
| control field | 37463 |
| 003 - CONTROL NUMBER IDENTIFIER | |
| rucl marc code | BD-RjUL |
| 005 - DATE AND TIME OF LATEST TRANSACTION | |
| control field | 20211209052619.0 |
| 008 - FIXED-LENGTH DATA ELEMENTS--GENERAL INFORMATION | |
| fixed length control field | 150120s1987 acaab b 100 0 eng d |
| 020 ## - INTERNATIONAL STANDARD BOOK NUMBER | |
| International Standard Book Number | 0949511293 |
| 035 ## - SYSTEM CONTROL NUMBER | |
| System control number | 1197594 |
| 040 ## - CATALOGING SOURCE | |
| Original cataloging agency | 3093 |
| Language of cataloging | eng |
| Transcribing agency | 3093 |
| Modifying agency | XNTU |
| 041 ## - LANGUAGE CODE | |
| Language code of text/sound track or separate title | eng |
| 082 04 - DEWEY DECIMAL CLASSIFICATION NUMBER | |
| Classification number | 633.10468 |
| Edition number | 19 |
| Author mark and year | TEC 1987 |
| 245 10 - TITLE STATEMENT | |
| Title | Technological change in postharvest handling and transportation of grains in the humid tropics : |
| Remainder of title | proceedings of an international seminar held at Bangkok, Thailand, 10-12 September 1986 / |
| Statement of responsibility, etc. | editors: B.R. Champ, E. Highley and J.V. Remenyi. |
| 260 ## - PUBLICATION, DISTRIBUTION, ETC. (IMPRINT) | |
| Place of publication, distribution, etc. | Canberra : |
| Name of publisher, distributor, etc. | Australian Centre for International Agricultural Research, |
| Date of publication, distribution, etc. | 1987. |
| 300 ## - PHYSICAL DESCRIPTION | |
| Pagination | 208 p. : |
| Illustrations | ill., maps ; |
| Size | 24 cm. |
| 500 ## - GENERAL NOTE | |
| General note | Sponsored by: Australian Centre for International Agricultural Research (ACIAR), Department of Agriculture, Thailand and ASEAN Food Handling Bureau (AFHB) |
| 504 ## - BIBLIOGRAPHY, ETC. NOTE | |
| Bibliography, etc | Includes bibliographical references. |
| 540 ## - TERMS GOVERNING USE AND REPRODUCTION NOTE | |
| Terms governing use and reproduction | Copyright |
| Jurisdiction | Centre for International Agricultural Research. |
| 650 #0 - SUBJECT ADDED ENTRY--TOPICAL TERM | |
| Topical term or geographic name as entry element | Grain |
| General subdivision | Transportation |
| Geographic subdivision | Tropics |
| Form subdivision | Congresses. |
| 9 (RLIN) | 115040 |
| Topical term or geographic name as entry element | Grain |
| General subdivision | Postharvest technology |
| Geographic subdivision | Tropics |
| Form subdivision | Congresses. |
| 9 (RLIN) | 115041 |
| 700 1# - ADDED ENTRY--PERSONAL NAME | |
| Personal name | Champ, B. R. |
| Fuller form of name | (Bruce R.) |
| Personal name | Highley, E. |
| Personal name | Remenyi, J. V. |
| Fuller form of name | (Joseph Vincent) |
| 710 2# - ADDED ENTRY--CORPORATE NAME | |
| Corporate name or jurisdiction name as entry element | Australian Centre for International Agricultural Research. |
| 9 (RLIN) | 114930 |
| 942 ## - ADDED ENTRY ELEMENTS (KOHA) | |
| Source of classification or shelving scheme | Dewey Decimal Classification |
| Koha item type | Books |
| Lost status | Source of classification or shelving scheme | Damaged status | Not for loan | Permanent Location | Current Location | Shelving location | Date acquired | Total Checkouts | Full call number | Date last seen | Copy number | Koha item type |
|---|---|---|---|---|---|---|---|---|---|---|---|---|
| Dewey Decimal Classification | Not For Loan | Institute of Biological Sciences (IBSc) Library | Institute of Biological Sciences (IBSc) Library | 20/01/2015 | 633.10468 TEC 1987 | 20/01/2015 | C-1 | Books |